Normal view MARC view

Entry Personal Name

Number of records used in: 1

001 - CONTROL NUMBER

  • control field: 31920

003 - CONTROL NUMBER IDENTIFIER

  • control field: OSt

005 - DATE AND TIME OF LATEST TRANSACTION

  • control field: 20260630094919.0

008 - FIXED-LENGTH DATA ELEMENTS

  • fixed length control field: 260630|| aca||aabn | a|a d

040 ## - CATALOGING SOURCE

  • Original cataloging agency: OSt
  • Transcribing agency: OSt

100 ## - HEADING--PERSONAL NAME

  • Personal name: William A. Sommers(Author)

670 ## - SOURCE DATA FOUND

  • Source citation: Work cat.: (OSt)25559: York-Barr,Jennifer 28852, Reflective Practice to Improve Schools: An Action Guide For Educators, 2001

Powered by Koha